The weaver's songs / (Record no. 152498)
[ view plain ]
| 000 -LEADER | |
|---|---|
| fixed length control field | 00912nam a22002417a 4500 |
| 005 - DATE AND TIME OF LATEST TRANSACTION | |
| control field | 20180601162320.0 |
| 008 - FIXED-LENGTH DATA ELEMENTS--GENERAL INFORMATION | |
| fixed length control field | 180601b xxu||||| |||| 00| 0 eng d |
| 010 ## - LCCN (DPL NO) | |
| LC control number | B-082384 |
| 020 ## - INTERNATIONAL STANDARD BOOK NUMBER | |
| International Standard Book Number | 9780143029687 |
| 035 ## - SYSTEM CONTROL NUMBER | |
| System control number | B-082384 |
| 037 ## - SOURCE OF ACQUISITION | |
| Source of stock number/acquisition | BPPD/PUB |
| 082 ## - DEWEY DECIMAL CLASSIFICATION NUMBER | |
| Classification number | 881.08 |
| 100 0# - MAIN ENTRY--PERSONAL NAME | |
| Personal name | Kabir, |
| Dates associated with a name | active 15th century. |
| 240 10 - UNIFORM TITLE | |
| Uniform title | <a href="Works.">Works.</a> |
| Form subheading | Selections. |
| Language of a work | English. |
| Date of a work | 2003 |
| 245 14 - TITLE STATEMENT | |
| Title | The weaver's songs / |
| Statement of responsibility, etc | Kabir ; translated and with an introduction and notes by Vinay Dharwadker. |
| 260 ## - PUBLICATION, DISTRIBUTION, ETC. (IMPRINT) | |
| Place of publication, distribution, etc | New Delhi ; |
| -- | New York, NY : |
| Name of publisher, distributor, etc | Penguin Books, |
| Date of publication, distribution, etc | 2003. |
| 300 ## - PHYSICAL DESCRIPTION | |
| Extent | xviii, 304 p. ; |
| Dimensions | 21 cm. |
| 504 ## - BIBLIOGRAPHY, ETC. NOTE | |
| Bibliography, etc | Includes bibliographical references (p. [296]-304). |
| 520 ## - SUMMARY, ETC. | |
| Summary, etc | Selected songs and poems of Kabir, 15th century, Hindi religious poet. |
| 600 00 - SUBJECT ADDED ENTRY--PERSONAL NAME | |
| Personal name | Kabir, |
| Dates associated with a name | active 15th century |
| General subdivision | Translations into English. |
| 700 1# - ADDED ENTRY--PERSONAL NAME | |
| Personal name | Dharwadker, Vinay, |
| Dates associated with a name | 1954- |
| 942 ## - ADDED ENTRY ELEMENTS (KOHA) | |
| Source of classification or shelving scheme | Dewey Decimal Classification |
| Item type | English Books |
| Classification part | 881.08 |
| Call number suffix | KAB |
| Withdrawn status | Lost status | Source of classification or shelving scheme | Damaged status | Not for loan | Collection code | Home library | Current library | Date acquired | Source of acquisition | Cost, normal purchase price | Total Checkouts | Full call number | Barcode | Date last seen | Cost, replacement price | Koha item type |
|---|---|---|---|---|---|---|---|---|---|---|---|---|---|---|---|---|
| Dewey Decimal Classification | Non-fiction | Shahdara Branch | Shahdara Branch | 01/06/2018 | BPPD/PUB | 295.00 | 881.08 KAB | B-082384 | 01/06/2018 | 295.00 | English Books |
